Caterpillar performance handbook
Uloženo v:
| Korporativní autor: | |
|---|---|
| Médium: | Kniha |
| Jazyk: | angličtina |
| Vydáno: |
Peoria
Caterpillar Inc.
2004
|
| Vydání: | 35a. ed |
| Témata: | |
| Tagy: |
Přidat tag
Žádné tagy, Buďte první, kdo vytvoří štítek k tomuto záznamu!
|
MARC
| LEADER | 00000cam a2200000 a 4500 | ||
|---|---|---|---|
| 001 | UCE7094 | ||
| 003 | CL-VaPUC | ||
| 008 | 150529e20040000us |||||||||||||||||eng|d | ||
| 082 | 0 | 4 | |a 621.8 |b CAT |2 21 |
| 110 | 2 | |a Caterpillar Inc. |e author |9 579818 | |
| 245 | 1 | 0 | |a Caterpillar performance handbook |
| 250 | |a 35a. ed | ||
| 300 | |a pág. irreg | ||
| 942 | |c BK | ||
| 945 | |d 20150529 15:00:00 |a dcastane | ||
| 260 | |a Peoria |b Caterpillar Inc. |c 2004 | ||
| 650 | 0 | |a Máquinas |9 259419 | |
| 650 | 7 | |a MAQUINAS MOTRICES |2 CL-VaPUC |9 347358 | |
| 583 | |a last modification |c 20150529 15:00:00 |k Rodrigo Vera | ||
| 999 | |c 359228 |d 359226 | ||
| 952 | |0 0 |1 0 |2 ddc |3 erb |4 0 |6 621_800000000000000_CAT_2004 |7 0 |8 A |9 468366 |a BIBING |b BIBING |c RES |i 5160901 |o 621.8 CAT 2004 |p 5160901 |r 2025-01-20 |w 2019-11-23 |y BK |z Catalogado en:20150529 |k EIQ | ||
| 952 | |0 0 |1 0 |2 ddc |3 erb |4 0 |6 621_800000000000000_CAT_2004 |7 0 |8 A |9 468367 |a BIBING |b BIBING |c RES |i 5160987 |o 621.8 CAT 2004 |p 5160987 |r 2025-01-20 |w 2019-11-23 |y BK |z Catalogado en:20150529 |k EIQ | ||
| 952 | |0 0 |1 0 |2 ddc |3 erb |4 0 |6 621_800000000000000_CAT_2004 |7 0 |8 A |9 468368 |a BIBING |b BIBING |c RES |i 519220K |o 621.8 CAT 2004 |p 519220K |r 2025-01-20 |w 2019-11-23 |y BK |z Catalogado en:20150731 |k EIQ | ||